DICTIONARY OF MANAGEMENT (Record no. 1032)
[ view plain ]
| 000 -LEADER | |
|---|---|
| fixed length control field | 00353nam a2200157Ia 4500 |
| 003 - CONTROL NUMBER IDENTIFIER | |
| control field | OSt |
| 005 - DATE AND TIME OF LATEST TRANSACTION | |
| control field | 20240306114411.0 |
| 008 - FIXED-LENGTH DATA ELEMENTS--GENERAL INFORMATION | |
| fixed length control field | 170523s9999 xx 000 0 und d |
| 020 ## - INTERNATIONAL STANDARD BOOK NUMBER | |
| International Standard Book Number | 978-8171694631 |
| 040 ## - CATALOGING SOURCE | |
| Transcribing agency | iimtu meerut |
| 100 ## - MAIN ENTRY--PERSONAL NAME | |
| Personal name | SINGH- SK |
| 245 #0 - TITLE STATEMENT | |
| Title | DICTIONARY OF MANAGEMENT |
| 260 ## - PUBLICATION, DISTRIBUTION, ETC. | |
| Name of publisher, distributor, etc. | COMMON WEALTH |
| 260 ## - PUBLICATION, DISTRIBUTION, ETC. | |
| Date of publication, distribution, etc. | 2003 |
| 942 ## - ADDED ENTRY ELEMENTS (KOHA) | |
| Source of classification or shelving scheme | |
| Koha item type | Book Bank |
| Withdrawn status | Lost status | Source of classification or shelving scheme | Damaged status | Not for loan | Home library | Current library | Date acquired | Coded location qualifier | Total Checkouts | Barcode | Date last seen | Price effective from | Koha item type | Public note |
|---|---|---|---|---|---|---|---|---|---|---|---|---|---|---|
| IIMT University Central Library Meerut | IIMT University Central Library Meerut | 05/31/2017 | Dept. MBA | 01-B-4114 | 01/30/2018 | 05/31/2017 | Book Bank | management departmental library books update march 2019 |

